Hồ Chí Minh : Một chân dung
Spremljeno u:
| Glavni autor: | |
|---|---|
| Format: | Knjiga |
| Jezik: | Undetermined |
| Izdano: |
Hà Nội
Thanh niên
2003
|
| Oznake: |
Dodaj oznaku
Bez oznaka, Budi prvi tko označuje ovaj zapis!
|
| Thư viện lưu trữ: | Trung tâm Học liệu Trường Đại học Cần Thơ |
|---|
| LEADER | 00521nam a2200193Ia 4500 | ||
|---|---|---|---|
| 001 | CTU_60791 | ||
| 008 | 210402s9999 xx 000 0 und d | ||
| 020 | |b 160000 | ||
| 082 | |a 324.2075092 | ||
| 082 | |b B739 | ||
| 100 | |a Borton, Lady | ||
| 245 | 0 | |a Hồ Chí Minh : | |
| 245 | 0 | |b Một chân dung | |
| 245 | 0 | |c Lady Borton; Tạ Đức biên dịch | |
| 260 | |a Hà Nội | ||
| 260 | |b Thanh niên | ||
| 260 | |c 2003 | ||
| 904 | |i Minh, Năm | ||
| 980 | |a Trung tâm Học liệu Trường Đại học Cần Thơ | ||